| 000 | 00669nam a22001937a 4500 | ||
|---|---|---|---|
| 999 |
_c20922 _d20922 |
||
| 003 | AR-CdUCM | ||
| 008 | 190402b ||||| |||| 00| 0 spa d | ||
| 040 |
_aMUNICIPALIDAD PROVINCIAL DEL CUSCO _cBIBLIOTECA MUNICIPAL DEL CUSCO |
||
| 082 |
_aPI / 372.64 / _bC95 |
||
| 245 |
_aCuentos y leyendas : _bEl gato con botas, El sastrecillo valiente, El príncipe Amed y el Hada / |
||
| 260 |
_aEspaña : _bVasco Americana, |
||
| 300 |
_bIlustraciones, _c24 cm. _a11 páginas ; |
||
| 440 |
_aSelección de cuentos infantiles _943655 |
||
| 505 | _aContenido :Cuentos. | ||
| 650 |
_a Literatura infantil _9588 |
||
| 650 |
_aCuentos. _9217 |
||
| 942 |
_2ddc _cLIBROS |
||
| 945 | _arcc | ||